Normal view
MARC view
- Hunt, Andy Kirk, Ross
Entry Personal Name
001 - CONTROL NUMBER
- control field: 58389
003 - CONTROL NUMBER IDENTIFIER
- control field: NUST
005 - DATE AND TIME OF LATEST TRANSACTION
- control field: 20210628202130.0
008 - FIXED-LENGTH DATA ELEMENTS
- fixed length control field: 210628|| aca||aabn | a|a d
040 ## - CATALOGING SOURCE
- Original cataloging agency: NUST
- Transcribing agency: NUST
100 ## - HEADING--PERSONAL NAME
- Personal name: Hunt, Andy Kirk, Ross
670 ## - SOURCE DATA FOUND
- Source citation: Work cat.: (NUST): Hunt, Andy Kirk, Ross, Digital sound processing for music and multimedia, 2001
